000
00337nam a2200145Ia 4500
999
_c
14242
_d
14242
005
20260303103732.0
008
260210s9999 xx 000 0 und d
020
_a
9780980061703
100
_a
Sage Russell
245
0
_a
The Architecture of Light
260
_b
Conceptnine
260
_c
2008
300
_a
264 pages
942
_c
UG
_2
ddc